[Event "EYCC 2024 - O18"]
[Site "?"]
[Date "2024.08.24"]
[Round "3.6"]
[White "Babula, Vlastimil"]
[Black "Taranowicz, Michal"]
[Result "0-1"]
[BlackElo "2164"]
[WhiteElo "2326"]
[LiveChessVersion "1.4.8"]

1. e4 {[%clk 1:30:57]} e6 {[%clk 1:30:56]} 2. d4 {[%clk 1:30:01]} d5
{[%clk 1:31:20]} 3. e5 {[%clk 1:30:29]} c5 {[%clk 1:31:45]} 4. c3
{[%clk 1:30:56]} Nc6 {[%clk 1:32:11]} 5. Nf3 {[%clk 1:31:21]} Qb6
{[%clk 1:32:36]} 6. Bd3 {[%clk 1:30:57]} cxd4 {[%clk 1:33:00]} 7. O-O
{[%clk 1:30:24]} Bd7 {[%clk 1:33:27]} 8. Re1 {[%clk 1:30:45]} Nge7
{[%clk 1:31:36]} 9. h4 {[%clk 1:31:08]} h6 {[%clk 1:32:03]} 10. h5
{[%clk 1:26:57]} Rc8 {[%clk 1:32:16]} 11. a3 {[%clk 1:19:59]} a6 {[%clk 1:29:21]}
12. g3 {[%clk 1:11:58]} g5 {[%clk 0:42:20]} 13. hxg6 {[%clk 1:02:22]} fxg6
{[%clk 0:42:35]} 14. cxd4 {[%clk 1:02:15]} Nf5 {[%clk 0:39:35]} 15. Nc3
{[%clk 1:00:16]} Kd8 {[%clk 0:36:21]} 16. Ne2 {[%clk 0:43:02]} Be7
{[%clk 0:30:34]} 17. Kg2 {[%clk 0:39:40]} Kc7 {[%clk 0:14:43]} 18. Rh1
{[%clk 0:33:28]} g5 {[%clk 0:13:07]} 19. g4 {[%clk 0:25:57]} Ng7 {[%clk 0:12:40]}
20. b4 {[%clk 0:24:08]} h5 {[%clk 0:10:58]} 21. Nxg5 {[%clk 0:18:45]} hxg4
{[%clk 0:11:16]} 22. Nf7 {[%clk 0:18:18]} Rxh1 {[%clk 0:09:49]} 23. Qxh1
{[%clk 0:18:16]} Rf8 {[%clk 0:10:09]} 24. Nh8 {[%clk 0:12:17]} Nxe5
{[%clk 0:08:32]} 25. Bf4 {[%clk 0:11:54]} Rxf4 {[%clk 0:08:57]} 26. Qc1+
{[%clk 0:11:47]} Kd8 {[%clk 0:08:04]} 27. Qxf4 {[%clk 0:09:29]} Nxd3
{[%clk 0:08:28]} 28. Qxg4 {[%clk 0:07:41]} Nf5 {[%clk 0:06:42]} 29. Nf7+
{[%clk 0:06:52]} Kc7 {[%clk 0:05:38]} 30. Rd1 {[%clk 0:07:17]} e5
{[%clk 0:03:50]} 31. Kg1 {[%clk 0:05:32]} Nxd4 {[%clk 0:03:11]} 32. Qh5
{[%clk 0:05:54]} Nxe2+ {[%clk 0:03:12]} 33. Qxe2 {[%clk 0:06:22]} Qg6+
{[%clk 0:03:25]} 34. Kh1 {[%clk 0:06:43]} Qxf7 {[%clk 0:02:19]} 35. Rxd3
{[%clk 0:06:57]} Bd6 {[%clk 0:02:12]} 36. Rg3 {[%clk 0:06:19]} Qh7+
{[%clk 0:01:23]} 37. Kg1 {[%clk 0:06:23]} e4 {[%clk 0:01:24]} 38. Rg5
{[%clk 0:06:52]} Qh2+ {[%clk 0:01:41]} 39. Kf1 {[%clk 0:07:20]} Bb5
{[%clk 0:02:04]} 0-1

[Event "EYCC 2024 - O18"]
[Site "?"]
[Date "2024.08.24"]
[Round "3.13"]
[White "Szikszai, Bertalan"]
[Black "Grgantov, Marin"]
[Result "0-1"]
[BlackElo "2110"]
[WhiteElo "2278"]
[LiveChessVersion "1.4.8"]

1. e4 {[%clk 1:30:51]} e5 {[%clk 1:30:54]} 2. Nf3 {[%clk 1:31:11]} Nc6
{[%clk 1:31:19]} 3. Bc4 {[%clk 1:31:30]} Bc5 {[%clk 1:31:43]} 4. d3
{[%clk 1:31:42]} Nf6 {[%clk 1:31:36]} 5. O-O {[%clk 1:31:50]} d6 {[%clk 1:30:45]}
6. c3 {[%clk 1:32:05]} O-O {[%clk 1:29:51]} 7. Nbd2 {[%clk 1:30:46]} a5
{[%clk 1:28:07]} 8. Re1 {[%clk 1:28:09]} Be6 {[%clk 1:25:49]} 9. Bb5
{[%clk 1:21:46]} Ba7 {[%clk 1:16:12]} 10. Nf1 {[%clk 1:19:51]} Ne7
{[%clk 1:12:17]} 11. d4 {[%clk 1:19:20]} c6 {[%clk 1:07:41]} 12. Bd3
{[%clk 1:19:28]} Ng6 {[%clk 1:02:22]} 13. Ng3 {[%clk 1:13:53]} Re8
{[%clk 0:57:25]} 14. h3 {[%clk 1:12:57]} h6 {[%clk 0:56:25]} 15. Qc2
{[%clk 1:10:23]} Qc7 {[%clk 0:54:00]} 16. Be3 {[%clk 1:05:40]} b5
{[%clk 0:49:28]} 17. a4 {[%clk 0:57:00]} Rab8 {[%clk 0:43:38]} 18. Nf5
{[%clk 0:45:47]} bxa4 {[%clk 0:30:12]} 19. Qd2 {[%clk 0:32:46]} Bxf5
{[%clk 0:18:22]} 20. exf5 {[%clk 0:33:02]} Nf8 {[%clk 0:18:07]} 21. dxe5
{[%clk 0:19:57]} Bxe3 {[%clk 0:18:30]} 22. Qxe3 {[%clk 0:17:23]} dxe5
{[%clk 0:18:53]} 23. Rxa4 {[%clk 0:14:29]} Rxb2 {[%clk 0:13:58]} 24. Be4
{[%clk 0:11:26]} N8d7 {[%clk 0:12:44]} 25. Rea1 {[%clk 0:11:19]} Ra8
{[%clk 0:10:16]} 26. Rc4 {[%clk 0:11:19]} Ra6 {[%clk 0:10:22]} 27. Qd3
{[%clk 0:08:58]} Qb6 {[%clk 0:09:13]} 28. Qf1 {[%clk 0:07:30]} Nxe4
{[%clk 0:05:42]} 29. Rxe4 {[%clk 0:07:55]} Qb5 {[%clk 0:04:08]} 30. Qd1
{[%clk 0:07:12]} Qc5 {[%clk 0:04:11]} 31. Re3 {[%clk 0:07:17]} Ra7
{[%clk 0:04:22]} 32. Qa4 {[%clk 0:05:43]} Nb6 {[%clk 0:03:35]} 33. Qg4
{[%clk 0:05:26]} f6 {[%clk 0:03:15]} 34. Rd1 {[%clk 0:05:38]} Rd7
{[%clk 0:02:52]} 35. Rxd7 Nxd7 {[%clk 0:03:22]} 36. Nh4 {[%clk 0:03:23]} Nf8
{[%clk 0:02:35]} 37. Rg3 {[%clk 0:02:48]} Qxf2+ {[%clk 0:02:57]} 38. Kh2
{[%clk 0:03:12]} Rb7 {[%clk 0:02:11]} 39. Qc4+ Rf7 {[%clk 0:02:33]} 40. Qxc6
{[%clk 0:01:31]} Qf4 {[%clk 0:02:31]} 41. Ng6 {[%clk 0:00:58]} Qxf5
{[%clk 0:02:10]} 42. Nxf8 {[%clk 0:01:09]} Rxf8 {[%clk 0:02:25]} 43. Qc7
{[%clk 0:01:26]} Rf7 {[%clk 0:02:33]} 44. Qxa5 {[%clk 0:01:45]} Qf4
{[%clk 0:02:37]} 45. Qd8+ {[%clk 0:01:39]} Kh7 {[%clk 0:01:58]} 46. Qe8
{[%clk 0:01:59]} Qc4 {[%clk 0:02:02]} 47. Rg4 {[%clk 0:00:57]} Qc7
{[%clk 0:02:31]} 48. Qe6 {[%clk 0:00:55]} e4+ {[%clk 0:02:07]} 49. Rg3
{[%clk 0:00:39]} f5 {[%clk 0:02:23]} 50. c4 {[%clk 0:00:51]} Rf6 {[%clk 0:02:15]}
51. Qe8 {[%clk 0:00:56]} Qxc4 {[%clk 0:01:17]} 52. h4 {[%clk 0:01:14]} Qf7
{[%clk 0:01:37]} 53. Qe5 {[%clk 0:01:37]} Qe6 {[%clk 0:01:40]} 54. Qf4
{[%clk 0:01:52]} Qd6 {[%clk 0:01:54]} 55. Qxd6 {[%clk 0:00:57]} Rxd6
{[%clk 0:02:23]} 56. h5 {[%clk 0:00:58]} Rd3 {[%clk 0:02:11]} 57. Rg6
{[%clk 0:01:24]} e3 {[%clk 0:02:21]} 58. Re6 {[%clk 0:01:42]} f4 {[%clk 0:02:44]}
59. Re4 {[%clk 0:01:50]} Rd1 {[%clk 0:03:04]} 60. Kh3 {[%clk 0:01:04]} Rg1
{[%clk 0:01:30]} 61. Re8 {[%clk 0:00:31]} Rf1 {[%clk 0:00:55]} 62. Kg4
{[%clk 0:00:33]} Rf2 {[%clk 0:01:15]} 63. g3 {[%clk 0:00:38]} fxg3
{[%clk 0:01:35]} 64. Kxg3 {[%clk 0:01:04]} Re2 {[%clk 0:01:46]} 65. Kh3
{[%clk 0:01:09]} Re1 {[%clk 0:01:42]} 66. Kg2 {[%clk 0:00:39]} e2
{[%clk 0:01:58]} 67. Re5 {[%clk 0:00:33]} Ra1 {[%clk 0:02:01]} 68. Kf2
{[%clk 0:00:46]} Ra2 {[%clk 0:01:40]} 69. Ke1 {[%clk 0:00:56]} Kg8
{[%clk 0:01:51]} 70. Rxe2 {[%clk 0:01:15]} Ra1+ {[%clk 0:01:33]} 71. Kf2
{[%clk 0:01:24]} Ra5 {[%clk 0:01:58]} 72. Kg3 {[%clk 0:01:19]} Rxh5
{[%clk 0:02:23]} 73. Re7 {[%clk 0:01:38]} Ra5 {[%clk 0:02:49]} 74. Kg4
{[%clk 0:01:58]} Kh7 {[%clk 0:03:12]} 75. Rb7 {[%clk 0:02:12]} h5+
{[%clk 0:03:21]} 76. Kh4 {[%clk 0:02:38]} Kh6 {[%clk 0:03:47]} 77. Rb6+
{[%clk 0:02:56]} g6 {[%clk 0:04:16]} 78. Rc6 {[%clk 0:03:15]} Ra4+
{[%clk 0:04:38]} 79. Kh3 {[%clk 0:03:39]} h4 {[%clk 0:04:12]} 80. Rb6
{[%clk 0:03:59]} Kh5 {[%clk 0:04:41]} 81. Rb5+ {[%clk 0:04:11]} g5
{[%clk 0:05:10]} 82. Rb8 {[%clk 0:04:29]} Ra3+ {[%clk 0:05:35]} 83. Kh2
{[%clk 0:04:52]} Rf3 {[%clk 0:05:16]} 84. Ra8 {[%clk 0:03:47]} Rf2+
{[%clk 0:05:34]} 85. Kg1 {[%clk 0:04:05]} Rb2 {[%clk 0:06:00]} 86. Ra4
{[%clk 0:04:25]} h3 {[%clk 0:04:41]} 87. Kh1 {[%clk 0:03:54]} g4 {[%clk 0:05:00]}
88. Ra5+ {[%clk 0:03:22]} Kh4 {[%clk 0:05:25]} 89. Ra4 {[%clk 0:03:44]} Re2
{[%clk 0:05:13]} 90. Kg1 {[%clk 0:03:46]} Kg3 {[%clk 0:05:25]} 91. Ra3+
{[%clk 0:03:57]} Kf4 {[%clk 0:05:53]} 92. Ra4+ {[%clk 0:02:59]} Kf3
{[%clk 0:06:21]} 93. Ra3+ {[%clk 0:03:04]} Re3 {[%clk 0:06:45]} 94. Ra8
{[%clk 0:02:26]} Re1+ {[%clk 0:06:36]} 95. Kh2 {[%clk 0:02:48]} g3+
{[%clk 0:07:02]} 0-1